000 02446nam0a2200385 i 4500
001 RU\NLR\BIBL_A\010910939
005 20260408211018.0
010 _a9785928212971
_9500
021 _aRU
_b2015-86398
_95294
035 _a(NILC)RuMoRGB-008062081
035 _a(NLR Aleph) 010910939
090 _a10629755
_c10629755
100 _a20151123d2015 k y0rusy50 ca
101 0 _arus
102 _aRU
105 _ay|||z|||000yy
200 1 _aГосударственная политика в сфере физической культуры и спорта в СССР, 1945-1959 гг.
_e(по материалам Пензенской области)
_f[Нурдыгин Евгений Александрович, Королева Лариса Александровна, Давыдов Александр Станиславович, Кочергин Владимир Александрович]
_gМ-во образования и науки Рос. Федерации, Федер. гос. бюджет. образоват. учреждение высш. проф. образования "Пенз. гос. ун-т архитектуры и стр-ва" (ПГУАС)
210 _aПенза
_cИзд-во ПГУАС
_d2015
215 _a171, [1] с.
_d20
300 _aАвт. указаны на обороте тит. л.
320 _aБиблиогр.: с. 169-171 (42 назв.) и в подстроч. примеч.
606 _aФизическая культура и спорт
_xИстория
_yПензенская область
_3RU\NLR\AUTH\6601602158
_92296684
675 _a796/799
686 1 _aЧ513(2Р-4П)7
701 1 _aНурдыгин
_bЕ. А.
_gЕвгений Александрович
701 1 _8rus
_7ca
_aКоролева
_bЛ. А.
_cд-р ист. наук
_f1968-
_gЛариса Александровна
_3RU\NLR\AUTH\7789179
_972107
701 1 _aДавыдов
_bА. С.
_cисторик
_gАлександр Станиславович
_9155083
_3RU\NLR\AUTH\770155122
701 1 _aКочергин
_bВ.А.
_gВладимир Александрович
712 0 2 _4570
_aПензенский государственный университет архитектуры и строительства
_3RU\NLR\AUTH\8810050415
_9600974
801 0 _aRU
_bРГБ
_c20151106
_gRCR
801 2 _aRU
_bРГБ
_c20151111
_grcr
942 _cBOOK
980 _aNBR